[Event "Team Championship, Div 1 Bd 3, S91129"]
[Site "CCLA"]
[Date "2019.10.12"]
[Round "?"]
[White "Covey, Theodore"]
[Black "Jarmuz, Frederick"]
[Result "0-1"]
[WhiteElo "1606"]
[BlackElo "2243"]
[Board "5"]
[WhiteTeam "PAWNTASTICS"]
[BlackTeam "PA KEYSTONES 'A'"]

1. d4 d5 2. Nf3 Nf6 3. e3 e6 4. Bd3 c5 5. c3 b6 6. Ne5 Bd6 7. Nd2 Bb7 8. 
f4 O-O 9. Qf3 Nc6 10. O-O Rc8 11. Nxc6 Bxc6 12. g4 h6 13. Qg2 Bb7 14. Qh3 
Qe7 15. g5 hxg5 16. fxg5 Ne4 17. Nf3 Nxg5 18. Nxg5 Qxg5+ 19. Kh1 Qh6 20. 
Qxh6 gxh6 21. Bd2 Be7 22. Rg1+ Kh8 23. Rg3 Rg8 24. Rxg8+ Kxg8 25. Rg1+ Kf8
26. Kg2 Bg5 27. Kg3 Bf6 28. Kf4 Re8 29. Bh7 e5+ 30. Kf5 Bc8+ 31. Kxf6 Re6+
32. Kf5 Rg6+ 33. Kxe5 Rxg1 34. e4 Kg7 35. Bf5 f6+ 36. Kxd5 Bxf5 37. exf5 
cxd4 0-1

[Event "Team Championship, Div 1 Bd 3, S91129"]
[Site "CCLA"]
[Date "2019.10.12"]
[Round "?"]
[White "Covey, Theodore"]
[Black "Corbin, John"]
[Result "1-0"]
[WhiteElo "1606"]
[BlackElo "1592"]
[Board "5"]
[WhiteTeam "PAWNTASTICS"]
[BlackTeam "PA KEYSTONES 'B'"]

1. d4 d5 2. Nf3 g6 3. e3 Bg7 4. c4 Nf6 5. Nc3 dxc4 6. Bxc4 O-O 7. O-O c6 
8. a4 Bg4 9. h3 Bf5 10. Re1 Nbd7 11. Nh4 Nb6 12. Bb3 Qd7 13. Nxf5 Qxf5 14.
 e4 Qd7 15. Bf4 Nh5 16. Be3 Rfe8 17. a5 Nc8 18. Qf3 e5 19. d5 Rf8 20. Red1
Qc7 21. Rdc1 Nd6 22. dxc6 bxc6 23. Bc5 Nf6 24. Rd1 Rfd8 25. Bxd6 Qb7 26. 
Ba4 a6 27. Bxe5 Nd7 28. Bxg7 Kxg7 29. Rab1 Ne5 30. Qf4 Nc4 31. Rxd8 Rxd8 
32. Rd1 Rf8 33. e5 Nxb2 34. Rb1 Rb8 35. Qf6+ Kg8 36. Qxc6 Qb4 37. Nd1 Qe1+
38. Kh2 Qxe5+ 39. g3 Qxa5 40. Rxb2 Rxb2 41. Nxb2 Qd2 42. Nd1 a5 43. Qc8+ 
Kg7 44. Qc3+ 1-0

[Event "Team Championship, Div 1 Bd 3, S91129"]
[Site "CCLA"]
[Date "2019.10.12"]
[Round "?"]
[White "Covey, Theodore"]
[Black "Bapple, Edward C."]
[Result "0-1"]
[WhiteElo "1606"]
[BlackElo "1972"]
[Board "5"]
[WhiteTeam "PAWNTASTICS"]
[BlackTeam "CASTLES WEST 'A'"]

1. d4 Nf6 2. Nf3 e6 3. e3 c5 4. Bd3 d5 5. b3 Nbd7 6. Nbd2 b6 7. Bb2 Bb7 8.
 O-O Be7 9. Ne5 O-O 10. Qf3 cxd4 11. exd4 Nxe5 12. dxe5 Nd7 13. Qh3 h6 14.
 Bd4 Rc8 15. f4 Nc5 16. Bxc5 Bxc5+ 17. Kh1 Rc7 18. f5 exf5 19. Qxf5 g6 20.
 Qh3 h5 21. e6 f5 22. Nf3 Bc8 23. Ne5 Qf6 24. Qg3 Rg7 25. Nd7 Bxd7 26. 
exd7 Rxd7 27. Rae1 Kh7 28. Qe5 Qf7 29. Qc3 Rc7 30. Qd2 Re8 31. Qg5 Rce7 
32. Rxe7 Qxe7 33. Qc1 Bd6 34. Qd2 Qh4 35. h3 Qg3 36. Kg1 Qh2+ 37. Kf2 Bc5+
38. Kf3 h4 0-1

[Event "Team Championship, Div 1 Bd 3, S91129"]
[Site "CCLA"]
[Date "2019.10.12"]
[Round "?"]
[White "Corbin, John"]
[Black "Jarmuz, Frederick"]
[Result "0-1"]
[WhiteElo "1592"]
[BlackElo "2243"]
[Board "5"]
[WhiteTeam "PA KEYSTONES 'B'"]
[BlackTeam "PA KEYSTONES 'A'"]

1. e4 c5 2. Nc3 Nc6 3. Nf3 d6 4. Bb5 Bd7 5. O-O Nf6 6. Re1 e6 7. d3 Be7 8.
 a3 a6 9. Ba4 b5 10. Bb3 O-O 11. Ne2 Ne5 12. Ng3 Nxf3+ 13. Qxf3 Qc7 14. c3
Rfd8 15. Bg5 h6 16. Bxf6 Bxf6 17. Nh5 Be7 18. Qg3 g6 19. f4 c4 20. Bc2 
Qc5+ 21. Kh1 Qxh5 22. Qf2 cxd3 23. Bxd3 Qc5 24. Qc2 Kg7 25. Rf1 Bf6 26. f5
exf5 27. exf5 g5 28. b4 Qxc3 29. Qxc3 Bxc3 30. Rab1 Be5 31. Rf2 Rac8 32. 
Rc2 Rxc2 33. Bxc2 Kf6 34. g4 Bc6+ 35. Kg1 Ba8 36. Kf2 Rc8 37. Bd1 Bxh2 38.
 a4 h5 39. axb5 hxg4 40. Bxg4 Rc2+ 41. Ke1 Bg3+ 42. Kd1 Rc4 43. Be2 Rd4+ 
44. Kc1 Bf4+ 45. Kb2 Rxb4+ 0-1

[Event "Team Championship, Div 1 Bd 3, S91129"]
[Site "CCLA"]
[Date "2019.10.12"]
[Round "?"]
[White "Corbin, John"]
[Black "Covey, Theodore"]
[Result "0-1"]
[WhiteElo "1592"]
[BlackElo "1606"]
[Board "5"]
[WhiteTeam "PA KEYSTONES 'B'"]
[BlackTeam "PAWNTASTICS"]

1. e4 e6 2. d4 d5 3. e5 c5 4. Nf3 Nc6 5. dxc5 Bxc5 6. Nbd2 Nge7 7. Nb3 Bb6
8. Bb5 O-O 9. O-O Ng6 10. Re1 Qc7 11. Bd3 Bd7 12. Bxg6 hxg6 13. a4 a6 14. 
Nbd2 Bd4 15. Nxd4 Nxd4 16. Nf3 Nxc2 17. Bf4 Nxa1 18. Qxa1 Qc4 19. Bg3 Qxa4
20. h3 Qxa1 21. Rxa1 Rfc8 22. Ne1 Rc4 23. b3 Rc3 24. b4 Rac8 25. Rb1 Rc1 
26. Rxc1 Rxc1 27. f3 Rb1 28. Kf2 Rxb4 29. Ke3 a5 30. Nc2 Rb2 31. Kd3 Ba4 
32. Ne3 Kf8 33. Be1 b6 34. g3 Ke7 35. g4 Rh2 36. h4 Bb5+ 37. Kc3 Rh3 38. 
Nc2 Rxf3+ 39. Kb2 Rf4 40. Na3 Ba6 41. g5 Re4 42. Bc3 Rxh4 43. Nc2 Rg4 44. 
Nd4 Kd7 45. Nf3 Rg3 46. Nd4 Rxg5 47. Nf3 Rg3 48. Nd2 Ke7 49. Bd4 Rg4 50. 
Kc3 f6 51. Bxb6 a4 52. exf6+ gxf6 53. Nb1 e5 54. Kd2 Ke6 55. Bc5 Bb5 56. 
Nc3 Be8 57. Kc2 Rc4 58. Ba3 d4 0-1

[Event "Team Championship, Div 1 Bd 3, S91129"]
[Site "CCLA"]
[Date "2019.10.12"]
[Round "?"]
[White "Corbin, John"]
[Black "Bapple, Edward C."]
[Result "0-1"]
[WhiteElo "1592"]
[BlackElo "1972"]
[Board "5"]
[WhiteTeam "PA KEYSTONES 'B'"]
[BlackTeam "CASTLES WEST 'A'"]

1. e4 c5 2. Nc3 g6 3. Nge2 Bg7 4. g3 Nc6 5. Bg2 d6 6. O-O Nf6 7. a3 O-O 8.
 d3 Rb8 9. Nf4 Bg4 10. f3 Bd7 11. Nce2 a5 12. Nd5 Nxd5 13. exd5 Nd4 14. c3
Nxe2+ 15. Qxe2 Re8 16. Be3 e6 17. dxe6 Rxe6 18. Qf2 Qc7 19. Rad1 Rbe8 20. 
Rfe1 Ba4 21. Rc1 Bc6 22. Kh1 Qd8 23. b4 axb4 24. cxb4 Qa8 25. bxc5 Qxa3 
26. Qd2 Bb2 27. Rc2 Rxe3 28. Rf1 Rxd3 29. Qf2 Bd4 30. Ra2 Qxc5 31. Qc2 
Qxc2 32. Rxc2 Rde3 33. f4 Re1 34. Rc1 Rxf1+ 35. Rxf1 Re2 36. Bxc6 bxc6 37.
 Rd1 c5 38. g4 Re4 39. Rf1 c4 40. Kg2 c3 41. h3 c2 42. Rc1 Re2+ 43. Kf3 
Rf2+ 44. Ke4 Bb2 0-1

[Event "Team Championship, Div 1 Bd 3, S91129"]
[Site "CCLA"]
[Date "2019.10.12"]
[Round "?"]
[White "Bapple, Edward C."]
[Black "Jarmuz, Frederick"]
[Result "0-1"]
[WhiteElo "1972"]
[BlackElo "2243"]
[Board "5"]
[WhiteTeam "CASTLES WEST 'A'"]
[BlackTeam "PA KEYSTONES 'A'"]

1. e4 c5 2. Nc3 d6 3. f4 Nc6 4. Nf3 g6 5. Bb5 Bg7 6. d3 Bd7 7. O-O Nf6 8. 
Qe1 O-O 9. Bxc6 Bxc6 10. Qh4 Qd7 11. f5 gxf5 12. exf5 Qxf5 13. Nd4 Qg6 14.
 Nxc6 bxc6 15. Rf3 Ng4 16. Ne2 Bf6 17. Qh3 Be5 18. Nf4 Bxf4 19. Bxf4 f5 
20. Qh4 e5 21. Bd2 f4 22. Qe1 Rf5 23. h3 Nf6 24. Qe2 Rg5 25. Kh1 Nh5 26. 
g4 Ng7 27. Rg1 Rb8 28. b3 h5 29. Qh2 hxg4 30. Rxg4 Nf5 31. Rxg5 Qxg5 32. 
Be1 Qh5 33. Qg2+ Kf7 34. Qg4 Qh7 35. h4 Rg8 36. Qh3 Ke7 37. Bf2 Qh5 38. c4
Nd4 39. Bxd4 cxd4 0-1

[Event "Team Championship, Div 1 Bd 3, S91129"]
[Site "CCLA"]
[Date "2019.10.12"]
[Round "?"]
[White "Bapple, Edward C."]
[Black "Covey, Theodore"]
[Result "1-0"]
[WhiteElo "1972"]
[BlackElo "1606"]
[Board "5"]
[WhiteTeam "CASTLES WEST 'A'"]
[BlackTeam "PAWNTASTICS"]

1. e4 e6 2. d4 d5 3. Nc3 Bb4 4. e5 c5 5. Bd2 Ne7 6. Nb5 Bxd2+ 7. Qxd2 O-O 
8. f4 a6 9. Nd6 Qb6 10. O-O-O cxd4 11. Nf3 Nbc6 12. Bd3 f5 13. Kb1 Nb4 14.
 a3 Nxd3 15. Qxd3 Bd7 16. Qxd4 Qxd4 17. Nxd4 Rab8 18. Rd3 Nc6 19. Nb3 b6 
20. Rhd1 Rfd8 21. h3 Ne7 22. Nd4 Nc8 23. Rc3 Nxd6 24. exd6 Kf7 25. Rc7 Kf6
26. g4 Rbc8 27. g5+ Kf7 28. Nc6 Ke8 29. Nxd8 Rxd8 30. Rd3 1-0

[Event "Team Championship, Div 1 Bd 3, S91129"]
[Site "CCLA"]
[Date "2019.10.12"]
[Round "?"]
[White "Bapple, Edward C."]
[Black "Corbin, John"]
[Result "1-0"]
[WhiteElo "1972"]
[BlackElo "1592"]
[Board "5"]
[WhiteTeam "CASTLES WEST 'A'"]
[BlackTeam "PA KEYSTONES 'B'"]

1. e4 e5 2. Nf3 d6 3. d4 exd4 4. Nxd4 g6 5. Nc3 Bg7 6. Be3 Ne7 7. Qd2 Nbc6
8. O-O-O O-O 9. Nxc6 Nxc6 10. f3 a6 11. h4 b5 12. h5 Be6 13. Nd5 Ne5 14. 
hxg6 fxg6 15. Bg5 Qd7 16. Ne7+ Kh8 17. f4 Nc4 18. Bxc4 Bxc4 19. Nxg6+ Kg8 
20. Ne7+ Kh8 21. Rxh7+ Kxh7 22. Rh1+ 1-0

[Event "Team Championship, Div 1 Bd 3, S91129"]
[Site "CCLA"]
[Date "2019.10.12"]
[Round "?"]
[White "Silverman, Robert"]
[Black "Nurmi, Ronald"]
[Result "1-0"]
[WhiteElo "1878"]
[BlackElo "1469"]
[Board "6"]
[WhiteTeam "PA KEYSTONES 'A'"]
[BlackTeam "PAWNTASTICS"]

1. d4 d5 2. c4 c6 3. Nc3 dxc4 4. e4 b5 5. Nf3 Nf6 6. b3 b4 7. e5 Nfd7 8. 
Ne4 c3 9. e6 fxe6 10. Neg5 Nf6 11. Ne5 Qc7 12. Bd3 g6 13. Qc2 Bg7 14. 
Bxg6+ hxg6 15. Qxg6+ Kf8 16. Qf7# 1-0

[Event "Team Championship, Div 1 Bd 3, S91129"]
[Site "CCLA"]
[Date "2019.10.12"]
[Round "?"]
[White "Silverman, Robert"]
[Black "Greco, Tom"]
[Result "1-0"]
[WhiteElo "1878"]
[BlackElo "1543"]
[Board "6"]
[WhiteTeam "PA KEYSTONES 'A'"]
[BlackTeam "PA KEYSTONES 'B'"]

1. d4 Nf6 2. c4 e6 3. Nc3 Bb4 4. Bd2 O-O 5. Nf3 b6 6. Qc2 Bb7 7. e3 d6 8. 
Be2 c5 9. O-O Nbd7 10. b3 a6 11. a3 Bxc3 12. Bxc3 cxd4 13. exd4 Rc8 14. 
Nd2 d5 15. Qb2 Rc6 16. Rfc1 Qe7 17. Bb4 Qd8 18. Bxf8 Nxf8 19. c5 bxc5 20. 
dxc5 Qc7 21. b4 N8d7 22. Nb3 Qc8 23. Na5 Rc7 24. c6 Bxc6 25. Qc2 Nb8 26. 
a4 Ne8 27. Qd2 Qd7 28. Nxc6 Nxc6 29. Bxa6 Qe7 30. Rc5 Nxb4 31. Rxc7 Nxc7 
32. Bb5 d4 33. Rb1 Nbd5 34. Qxd4 h6 35. Bd3 Ne8 36. Rb8 Nc7 37. a5 e5 38. 
Qe4 g6 39. a6 Qa3 40. h3 Qa1+ 41. Bf1 Kg7 42. Qb7 Nxa6 43. Rxe8 Nc5 44. 
Qb5 Qd4 45. Re7 Ne6 46. Qe8 Qf4 47. Qd7 Ng5 48. Qd5 1-0

[Event "Team Championship, Div 1 Bd 3, S91129"]
[Site "CCLA"]
[Date "2019.10.12"]
[Round "?"]
[White "Silverman, Robert"]
[Black "Anderson, Clarence"]
[Result "0-1"]
[WhiteElo "1878"]
[BlackElo "1871"]
[Board "6"]
[WhiteTeam "PA KEYSTONES 'A'"]
[BlackTeam "CASTLES WEST 'A'"]

1. d4 Nf6 2. c4 c5 3. d5 b5 4. Nf3 Qa5+ 5. Bd2 b4 6. a3 Ne4 7. a4 g6 8. 
Qc2 Nxd2 9. Qxd2 Bg7 10. e4 d6 11. Bd3 Nd7 12. O-O O-O 13. Ra2 Ne5 14. 
Nxe5 Bxe5 15. Qc2 Bd7 16. b3 Rae8 17. f4 Bd4+ 18. Kh1 f5 19. exf5 Bxf5 20.
 Re1 Bxd3 21. Qxd3 Rxf4 22. Qg3 Ref8 23. Qd3 Qd8 24. Nd2 Bc3 25. Rc2 Qe8 
26. Rg1 Bxd2 27. Rxd2 Qf7 28. Re2 Rf1 29. Qe3 Rxg1+ 30. Qxg1 a5 31. h3 Qg7
32. Kh2 Qf6 33. Qc1 Rf7 34. Re4 Kf8 35. Qh6+ Qg7 36. Qe3 Qf6 37. Qh6+ Qg7 
38. Qxg7+ Rxg7 39. Re3 Rf7 40. Kg3 Rf6 41. Rd3 Kf7 42. Re3 e6 43. dxe6+ 
Rxe6 44. Rf3+ Ke7 45. Kh4 Re2 46. Kg3 Re5 47. Kh2 d5 48. Rd3 dxc4 49. bxc4
Re4 50. Kg3 Rxc4 51. Kf2 Rc2+ 52. Kf3 c4 53. Re3+ Kd6 54. Re1 b3 55. Rd1+ 
Kc5 56. Rd8 b2 57. Rb8 Rc3+ 58. Ke4 Rb3 59. Rc8+ Kb4 60. Kd4 b1=Q 61. 
Rxc4+ Ka3 62. g4 Qd3+ 63. Kc5 Rc3 0-1

[Event "Team Championship, Div 1 Bd 3, S91129"]
[Site "CCLA"]
[Date "2019.10.12"]
[Round "?"]
[White "Nurmi, Ronald"]
[Black "Silverman, Robert"]
[Result "0-1"]
[WhiteElo "1469"]
[BlackElo "1878"]
[Board "6"]
[WhiteTeam "PAWNTASTICS"]
[BlackTeam "PA KEYSTONES 'A'"]

1. d4 Nf6 2. Nc3 d5 3. Bf4 Bd7 4. e3 a6 5. Bd3 Nc6 6. Nf3 e6 7. O-O Be7 8.
 a3 Nh5 9. Ne5 Nxf4 10. exf4 Nxe5 11. fxe5 O-O 12. Qf3 c5 13. dxc5 Bxc5 
14. b4 Ba7 15. Rac1 Bc6 16. Qh3 g6 17. Kh1 d4 18. Ne4 Bxe4 19. Bxe4 Qd7 
20. Rfd1 Qb5 21. Bd3 Qxe5 22. Re1 Qf6 23. Qg3 Bb8 24. Kg1 Bxg3 0-1

[Event "Team Championship, Div 1 Bd 3, S91129"]
[Site "CCLA"]
[Date "2019.10.12"]
[Round "?"]
[White "Nurmi, Ronald"]
[Black "Greco, Tom"]
[Result "0-1"]
[WhiteElo "1469"]
[BlackElo "1543"]
[Board "6"]
[WhiteTeam "PAWNTASTICS"]
[BlackTeam "PA KEYSTONES 'B'"]

1. d4 Nf6 2. Nc3 d5 3. Bf4 Bf5 4. f3 h5 5. e3 e6 6. Bd3 Bxd3 7. Qxd3 Bd6 
8. Bxd6 Qxd6 9. O-O-O Nbd7 10. Nge2 c6 11. e4 e5 12. exd5 cxd5 13. dxe5 
Nxe5 14. Qb5+ Qc6 15. Nxd5 Qxb5 16. Nc7+ Ke7 17. Nxb5 Nc4 18. Rd3 a6 19. 
Nbd4 g6 20. Re1 Rhe8 21. Nb3 Kf8 22. Nd2 Ne5 23. Re3 b5 24. b3 Nd5 25. Re4
Rac8 26. a3 Nd3+ 27. Kd1 Nxe1 0-1

[Event "Team Championship, Div 1 Bd 3, S91129"]
[Site "CCLA"]
[Date "2019.10.12"]
[Round "?"]
[White "Nurmi, Ronald"]
[Black "Anderson, Clarence"]
[Result "0-1"]
[WhiteElo "1469"]
[BlackElo "1871"]
[Board "6"]
[WhiteTeam "PAWNTASTICS"]
[BlackTeam "CASTLES WEST 'A'"]

1. d4 Nf6 2. Nc3 d5 3. Bf4 Bf5 4. f3 e6 5. g4 Bg6 6. h4 h5 7. g5 Nfd7 8. 
e3 a6 9. Bd3 Bxd3 10. Qxd3 c5 11. g6 f6 12. O-O-O Nc6 13. Nge2 c4 14. Qd2 
Bb4 15. a3 Ba5 16. Qe1 b5 17. Qg3 Rc8 18. Rhf1 Bc7 19. Bxc7 Qxc7 20. Qxc7 
Rxc7 21. e4 dxe4 22. Nxe4 Ke7 23. d5 exd5 24. Rxd5 Nce5 25. f4 Nxg6 26. 
Rg1 Ke6 27. Rd4 Nxh4 28. Rxg7 Nf5 29. Rdxd7 Rxd7 30. Nc5+ Kd6 31. Rxd7+ 
Kxc5 32. Rf7 Rh6 33. Kd2 h4 0-1

[Event "Team Championship, Div 1 Bd 3, S91129"]
[Site "CCLA"]
[Date "2019.10.12"]
[Round "?"]
[White "Greco, Tom"]
[Black "Silverman, Robert"]
[Result "0-1"]
[WhiteElo "1543"]
[BlackElo "1878"]
[Board "6"]
[WhiteTeam "PA KEYSTONES 'B'"]
[BlackTeam "PA KEYSTONES 'A'"]

1. d4 Nf6 2. c4 e6 3. Nc3 d5 4. Bg5 Be7 5. e3 Bb4 6. Nf3 O-O 7. Bd3 h6 8. 
Bh4 Nbd7 9. O-O dxc4 10. Bxc4 c5 11. Rc1 Qa5 12. a3 Bxc3 13. Rxc3 b5 14. 
Be2 c4 15. Nd2 Bb7 16. Bf3 Qa6 17. Bxb7 Qxb7 18. Qe2 Rfc8 19. e4 Nxe4 20. 
Nxe4 Qc6 21. b3 Qd5 22. Nd2 Qxd4 23. Rh3 a6 24. bxc4 bxc4 25. Ne4 f5 26. 
Rd1 Qxe4 27. Qxe4 fxe4 28. Rc3 Nb6 29. Rd4 g5 30. Bg3 Rd8 31. Be5 Rd5 32. 
Rxd5 exd5 33. f3 Na4 34. Rc2 Ra7 35. fxe4 Re7 36. Bd6 Rxe4 37. g3 a5 38. 
Bc7 c3 39. Bxa5 d4 40. Bxc3 dxc3 41. Kf2 g4 42. Rc1 Kf7 43. Rb1 Ke6 44. 
Re1 Rxe1 45. Kxe1 Kd5 0-1

[Event "Team Championship, Div 1 Bd 3, S91129"]
[Site "CCLA"]
[Date "2019.10.12"]
[Round "?"]
[White "Greco, Tom"]
[Black "Nurmi, Ronald"]
[Result "1-0"]
[WhiteElo "1543"]
[BlackElo "1469"]
[Board "6"]
[WhiteTeam "PA KEYSTONES 'B'"]
[BlackTeam "PAWNTASTICS"]

1. d4 d5 2. c4 c6 3. Nc3 dxc4 4. e4 b5 5. a4 b4 6. Na2 Nf6 7. e5 Nd5 8. 
Bxc4 e6 9. Nf3 a5 10. Bg5 Qb6 11. Nc1 Ba6 12. Bxa6 Nxa6 13. Nb3 h6 14. Bh4
c5 15. O-O Be7 16. Bxe7 Nxe7 17. dxc5 Nxc5 18. Nxc5 Qxc5 19. Rc1 Qb6 20. 
Qd6 Qd8 21. Qxd8+ Rxd8 22. Rc5 Ra8 23. Nd4 O-O 24. Nc6 Nxc6 25. Rxc6 Rfc8 
26. Rfc1 Rxc6 27. Rxc6 Kf8 28. Kf1 Ra7 29. Ke2 h5 30. f4 g6 31. g4 hxg4 
32. Rc5 Ke7 33. Kf2 Kd7 34. Kg3 Rc7 35. Rxa5 Rc2 36. Rb5 Rxb2 37. Kxg4 
Rxh2 38. Rxb4 Rh1 39. Rb7+ Ke8 40. a5 Rg1+ 41. Kf3 Kf8 42. a6 Ra1 43. a7 
Ra3+ 44. Ke4 Ra4+ 45. Kd3 Kg7 46. Kc3 1-0

[Event "Team Championship, Div 1 Bd 3, S91129"]
[Site "CCLA"]
[Date "2019.10.12"]
[Round "?"]
[White "Greco, Tom"]
[Black "Anderson, Clarence"]
[Result "0-1"]
[WhiteElo "1543"]
[BlackElo "1871"]
[Board "6"]
[WhiteTeam "PA KEYSTONES 'B'"]
[BlackTeam "CASTLES WEST 'A'"]

1. d4 Nf6 2. c4 c5 3. d5 b5 4. cxb5 a6 5. bxa6 g6 6. Nc3 Bg7 7. e4 O-O 8. 
Nf3 Qa5 9. Bd2 Bxa6 10. Be2 d6 11. O-O Bxe2 12. Qxe2 Qa6 13. Qd1 Nbd7 14. 
Qc2 Rfb8 15. a4 Ne8 16. Ra3 Nc7 17. Rb1 Ra7 18. Bf4 Rab7 19. h4 Nb6 20. b3
Bxc3 21. Qxc3 Nb5 22. Qd3 c4 23. axb5 Qxa3 24. Qc3 Na4 25. Qa1 Qxa1 26. 
Rxa1 Nc3 27. Bxd6 exd6 28. bxc4 Nxe4 29. Ra6 Rb6 30. Ra4 Nc5 31. Ra2 Re8 
32. Nd2 Re1+ 33. Kh2 Re2 34. Ra8+ Kg7 35. Nf3 Rc2 0-1

[Event "Team Championship, Div 1 Bd 3, S91129"]
[Site "CCLA"]
[Date "2019.10.12"]
[Round "?"]
[White "Anderson, Clarence"]
[Black "Silverman, Robert"]
[Result "1-0"]
[WhiteElo "1871"]
[BlackElo "1878"]
[Board "6"]
[WhiteTeam "CASTLES WEST 'A'"]
[BlackTeam "PA KEYSTONES 'A'"]

1. d4 c5 2. d5 e5 3. e4 d6 4. Nc3 Nd7 5. Nf3 a6 6. a4 h6 7. Be2 Be7 8. Nd2
Ngf6 9. Nc4 O-O 10. O-O b5 11. axb5 Bb7 12. Na5 Qb6 13. Nxb7 a5 14. Nxd6 
Bxd6 15. Be3 Qc7 16. Qd2 c4 17. b6 Nxb6 18. Bxb6 Qxb6 19. Bxc4 Bb4 20. Qd3
Qd4 21. Qxd4 exd4 22. Nb5 Nxe4 23. Bd3 Nf6 24. Nxd4 Bc5 25. Nb3 Bb6 26. c4
a4 27. c5 axb3 28. Rxa8 Rxa8 29. cxb6 Rb8 30. Rd1 Kf8 31. Bc4 Rxb6 32. d6 
Nd7 33. g3 f6 34. Be6 Ke8 35. Bxd7+ Kxd7 36. Rd3 g5 37. g4 Rb4 38. h3 h5 
39. gxh5 Rh4 40. Kg2 Rxh5 41. Rxb3 Kxd6 42. Rf3 Rh6 43. b4 Ke5 44. b5 Ke6 
45. b6 Rh7 46. Rb3 Rb7 47. Kg3 f5 48. f4 Kf6 49. fxg5+ Kxg5 50. h4+ Kg6 
51. Kf4 Kh5 52. Kxf5 Rf7+ 53. Ke6 Rb7 54. Kd6 Kxh4 55. Kc6 Rh7 56. b7 Rh6+
57. Kc7 Rh7+ 58. Kb8 Kg5 59. Ka8 Rh8+ 60. b8=Q Rxb8+ 61. Kxb8 Kg4 62. Re3 
Kf4 63. Re7 Kf5 64. Kc7 Kf4 65. Kd6 Kf5 66. Re6 Kf4 67. Re5 Kg4 68. Ke6 
Kf4 69. Kf6 Kf3 70. Kf5 Kf2 71. Kf4 Kg2 72. Re3 Kf2 73. Ke4 Kg2 74. Rf3 
Kg1 75. Ke3 Kg2 76. Ke2 Kg1 77. Rg3+ Kh1 78. Kf2 Kh2 79. Rd3 1-0

[Event "Team Championship, Div 1 Bd 3, S91129"]
[Site "CCLA"]
[Date "2019.10.12"]
[Round "?"]
[White "Anderson, Clarence"]
[Black "Nurmi, Ronald"]
[Result "1-0"]
[WhiteElo "1871"]
[BlackElo "1469"]
[Board "6"]
[WhiteTeam "CASTLES WEST 'A'"]
[BlackTeam "PAWNTASTICS"]

1. d4 d5 2. Nf3 c6 3. c4 Nf6 4. Nc3 a6 5. c5 Nbd7 6. Bf4 Nh5 7. Bd2 g6 8. 
e4 dxe4 9. Nxe4 Nhf6 10. Nxf6+ Nxf6 11. Bc4 Nd5 12. Qb3 Bg7 13. O-O O-O 
14. Rfe1 Ra7 15. Ne5 e6 16. Rad1 b5 17. Be2 Qc7 18. h4 Bxe5 19. dxe5 Qxe5 
20. Bxb5 Qc7 21. Bc4 Rb7 22. Qf3 Qe7 23. Bxd5 cxd5 24. Bh6 Rd8 25. Bg5 Qd7
26. Qf6 1-0

[Event "Team Championship, Div 1 Bd 3, S91129"]
[Site "CCLA"]
[Date "2019.10.12"]
[Round "?"]
[White "Anderson, Clarence"]
[Black "Greco, Tom"]
[Result "1-0"]
[WhiteElo "1871"]
[BlackElo "1543"]
[Board "6"]
[WhiteTeam "CASTLES WEST 'A'"]
[BlackTeam "PA KEYSTONES 'B'"]

1. d4 Nf6 2. Nf3 g6 3. Bg5 Bg7 4. Nbd2 O-O 5. c3 d6 6. e4 c5 7. dxc5 dxc5 
8. Bc4 Nc6 9. h3 Qc7 10. O-O h6 11. Be3 b6 12. Re1 Bb7 13. Qc2 e6 14. Rad1
Rfd8 15. Bf1 Ne5 16. Nxe5 Qxe5 17. f4 Qc7 18. f5 exf5 19. exf5 g5 20. Be2 
Qg3 21. Nf3 Qc7 22. Nd2 Nd5 23. Bf2 Qc6 24. Bf3 Qf6 25. Nf1 Rab8 26. Qb3 
Nc7 27. Rxd8+ Qxd8 28. Bxb7 Rxb7 29. Bxc5 Qd5 30. Qxd5 Nxd5 31. Bf2 h5 32.
 Rd1 Nf6 33. Rd8+ Kh7 34. Bd4 Ne4 35. Bxg7 Kxg7 36. Rd4 Re7 37. g4 hxg4 
38. hxg4 Kf6 39. Ne3 Ke5 40. Kg2 b5 41. Kf3 Nf6 42. a4 a6 43. axb5 axb5 
44. Rb4 Rb7 45. c4 Kd6 46. Rxb5 Rxb5 47. cxb5 Kc5 48. b6 Kxb6 49. Nc4+ Kc5
50. Ne5 Kd5 51. Nxf7 Nh7 52. Nh6 Nf6 53. Ke3 Kc4 54. b3+ Kd5 55. b4 Nd7 
56. Nf7 Ne5 57. Nxe5 1-0

[Event "Team Championship, Div 1 Bd 3, S91129"]
[Site "CCLA"]
[Date "2019.10.12"]
[Round "?"]
[White "Edwards, K. E. D. G."]
[Black "Ruiz, Glenn"]
[Result "1-0"]
[WhiteElo "2331"]
[BlackElo "1791"]
[Board "2"]
[WhiteTeam "PA KEYSTONES 'A'"]
[BlackTeam "PAWNTASTICS"]

1. d4 Nf6 2. c4 e6 3. Nc3 Bb4 4. f3 c5 5. d5 O-O 6. e4 d6 7. Ne2 b5 8. Ng3
a6 9. Bf4 exd5 10. cxd5 Ne8 11. a4 Bxc3+ 12. bxc3 b4 13. cxb4 cxb4 14. a5 
Nd7 15. Qd2 Qf6 16. Rb1 Rb8 17. Bg5 Qg6 18. Nf5 Qh5 19. g4 1-0

[Event "Team Championship, Div 1 Bd 3, S91129"]
[Site "CCLA"]
[Date "2019.10.12"]
[Round "?"]
[White "Edwards, K. E. D. G."]
[Black "Catania, Duane"]
[Result "1-0"]
[WhiteElo "2331"]
[BlackElo "1656"]
[Board "2"]
[WhiteTeam "PA KEYSTONES 'A'"]
[BlackTeam "PA KEYSTONES 'B'"]

1. d4 e6 2. e4 d5 3. Nc3 Nf6 4. e5 Nfd7 5. f4 c5 6. Nf3 Nc6 7. Be3 a6 8. 
Qd2 cxd4 9. Nxd4 Be7 10. Be2 O-O 11. O-O Nxd4 12. Bxd4 Bb4 13. Qe3 Nb8 14.
 Bb6 Qd7 15. a3 Be7 16. Rad1 Bd8 17. f5 Bxb6 18. Qxb6 Nc6 19. f6 Nxe5 20. 
Ne4 Qc6 21. Qd4 dxe4 22. fxg7 Kxg7 23. Qxe5+ f6 24. Rxf6 Rxf6 25. Rf1 Qe8 
26. Rxf6 Kg8 27. Bh5 Qe7 28. Qg5+ Qg7 29. Rf8+ Kxf8 30. Qd8# 1-0

[Event "Team Championship, Div 1 Bd 3, S91129"]
[Site "CCLA"]
[Date "2019.10.12"]
[Round "?"]
[White "Edwards, K. E. D. G."]
[Black "Smolensky, Randy"]
[Result "1-0"]
[WhiteElo "2331"]
[BlackElo "2159"]
[Board "2"]
[WhiteTeam "PA KEYSTONES 'A'"]
[BlackTeam "CASTLES WEST 'A'"]

1. d4 d5 2. c4 e5 3. dxe5 d4 4. Nf3 Nc6 5. a3 Bg4 6. Nbd2 Qe7 7. h3 Bh5 8.
 g3 O-O-O 9. Bg2 d3 10. O-O Nxe5 11. g4 Nxg4 12. hxg4 dxe2 13. Qa4 exf1=Q+
14. Nxf1 Bxg4 15. Qxa7 Qc5 16. Qa8+ Kd7 17. Qa4+ Ke7 18. Be3 Qc6 19. Qb3 
f6 20. Nd4 Qd7 21. Re1 Ke8 22. Qxb7 Kf7 23. Bd5+ Kg6 24. Qb3 Ne7 25. Qc2+ 
f5 26. Be6 Qd6 27. f3 Bh3 28. c5 Qe5 29. Bf2 Qf4 30. Bf7+ Kxf7 31. Ne6 
Qxf3 32. Ng5+ 1-0

[Event "Team Championship, Div 1 Bd 3, S91129"]
[Site "CCLA"]
[Date "2019.10.12"]
[Round "?"]
[White "Ruiz, Glenn"]
[Black "Edwards, K. E. D. G."]
[Result "0-1"]
[WhiteElo "1791"]
[BlackElo "2331"]
[Board "2"]
[WhiteTeam "PAWNTASTICS"]
[BlackTeam "PA KEYSTONES 'A'"]

1. d4 Nf6 2. c4 e6 3. Nc3 Bb4 4. Qc2 d5 5. cxd5 Qxd5 6. a3 Bxc3+ 7. bxc3 
c5 8. Nf3 O-O 9. e3 b6 10. Bb2 cxd4 11. cxd4 Bb7 12. Bc4 Qh5 13. Qe2 Qa5+ 
14. Qd2 Qxd2+ 15. Kxd2 Nc6 16. Bd3 Na5 17. Ke2 Rac8 18. Rhg1 Nb3 19. Rab1 
Ne4 20. Ne1 Nc3+ 21. Bxc3 Rxc3 22. Nc2 Rfc8 23. Rb2 e5 24. dxe5 Rd8 25. 
Rd1 Rcxd3 0-1

[Event "Team Championship, Div 1 Bd 3, S91129"]
[Site "CCLA"]
[Date "2019.10.12"]
[Round "?"]
[White "Ruiz, Glenn"]
[Black "Catania, Duane"]
[Result "1-0"]
[WhiteElo "1791"]
[BlackElo "1656"]
[Board "2"]
[WhiteTeam "PAWNTASTICS"]
[BlackTeam "PA KEYSTONES 'B'"]

1. d4 e6 2. c4 b6 3. e4 Bb4+ 4. Bd2 Bxd2+ 5. Qxd2 Bb7 6. Bd3 f5 7. Nc3 Nf6
8. f3 fxe4 9. fxe4 O-O 10. Nf3 a6 11. O-O d6 12. Rad1 Nbd7 13. Ng5 Qe8 14.
 d5 Nc5 15. b4 Nxd3 16. Qxd3 e5 17. Rf3 h6 18. Nh3 Qe7 19. Rdf1 Bc8 20. 
Nf2 Bd7 21. Ncd1 Nh5 22. g3 Nf6 23. Ne3 a5 24. Nf5 Bxf5 25. Rxf5 axb4 26. 
Qb3 Ra3 27. Qxb4 Rxa2 28. Ng4 Nd7 29. Rxf8+ Nxf8 30. Qb3 Ra8 31. Ne3 Nd7 
32. Nf5 Qe8 33. Qf3 Kh7 34. Qg4 g5 35. Qh3 h5 36. Ne3 Nc5 37. Ng4 Nxe4 38.
 Nf6+ Nxf6 39. Rxf6 Kg7 40. Qf5 1-0